Revolutionizing product development : quantum leaps in speed, efficiency, and quality

This book, written in 1992, started a whole revolution in looking at the management of product development. Concepts like: the funnel to focus the organization on the right projects, an aggregate project plan, and the best two pages on project management that I have ever read are in this book

Uloženo v:
Podrobná bibliografie
Hlavní autor: Wheelwright, Steven C.
Médium: Kniha
Jazyk:Undetermined
Vydáno: New York,Toronto Free Press,Maxwell Macmillan Canada 1992
Témata:
Tagy: Přidat tag
Žádné tagy, Buďte první, kdo otaguje tento záznam!
Thư viện lưu trữ: Trung tâm Học liệu Trường Đại học Cần Thơ
LEADER 00926nam a2200205Ia 4500
001 CTU_94216
008 210402s9999 xx 000 0 und d
082 |a 658.575 
082 |b W566 
100 |a Wheelwright, Steven C. 
245 0 |a Revolutionizing product development : 
245 0 |b quantum leaps in speed, efficiency, and quality 
245 0 |c Steven C. Wheelwright, Kim B. Clark. 
260 |a New York,Toronto 
260 |b Free Press,Maxwell Macmillan Canada 
260 |c 1992 
520 |a This book, written in 1992, started a whole revolution in looking at the management of product development. Concepts like: the funnel to focus the organization on the right projects, an aggregate project plan, and the best two pages on project management that I have ever read are in this book 
650 |a New products,Product management. 
904 |i Năm 
980 |a Trung tâm Học liệu Trường Đại học Cần Thơ